Proper group actions and the baum-connes conjecture / (Record no. 28929)
[ view plain ]
| 000 -LEADER | |
|---|---|
| fixed length control field | 00721 a2200193 4500 |
| 020 ## - INTERNATIONAL STANDARD BOOK NUMBER | |
| International Standard Book Number | 3764304081 |
| 020 ## - INTERNATIONAL STANDARD BOOK NUMBER | |
| International Standard Book Number | 9783764304089 |
| 082 04 - DEWEY DECIMAL CLASSIFICATION NUMBER | |
| Classification number | 512.66 |
| 090 ## - LOCALLY ASSIGNED LC-TYPE CALL NUMBER (OCLC); LOCAL CALL NUMBER (RLIN) | |
| -- | 294 |
| -- | 294 |
| 100 1# - MAIN ENTRY--PERSONAL NAME | |
| Personal name | Mislin, Guido. |
| 245 10 - TITLE STATEMENT | |
| Title | Proper group actions and the baum-connes conjecture / |
| Statement of responsibility, etc. | Guido Mislin, Alain Valette. |
| 260 ## - PUBLICATION, DISTRIBUTION, ETC. | |
| Place of publication, distribution, etc. | [S.l.] : |
| Name of publisher, distributor, etc. | Birkhauser Basel, |
| Date of publication, distribution, etc. | 2003. |
| 300 ## - PHYSICAL DESCRIPTION | |
| Extent | 131 p. ; |
| Dimensions | 24 cm. |
| 490 1# - SERIES STATEMENT | |
| Series statement | Advanced courses in mathematics - crm barcelona. |
| 700 1# - ADDED ENTRY--PERSONAL NAME | |
| Personal name | Valette, Alain. |
| 830 #0 - SERIES ADDED ENTRY--UNIFORM TITLE | |
| Uniform title | Advanced courses in mathematics - crm barcelona. |
| 942 ## - ADDED ENTRY ELEMENTS (KOHA) | |
| Institution code [OBSOLETE] | SNS |
| Koha item type | Book |
| Call number prefix | 512.66 MIS |
| Withdrawn status | Lost status | Damaged status | Not for loan | Permanent Location | Current Location | Date acquired | Total Checkouts | Full call number | Barcode | Date last seen | Date last checked out | Price effective from | Koha item type |
|---|---|---|---|---|---|---|---|---|---|---|---|---|---|
| School of Natural Sciences (SNS) | School of Natural Sciences (SNS) | 05/26/2016 | 1 | 512.66 MIS | SNS0000203 | 09/15/2017 | 09/15/2017 | 05/26/2016 | Book |
